| 000 | 00703nam a2200181Ia 4500 | ||
|---|---|---|---|
| 008 | 100921s9999 xx 000 0 und d | ||
| 082 |
_b32987 _a641.6 न 00 |
||
| 100 | _aगानू स्वाती. | ||
| 245 | _aबर्फी आणि वड्या. | ||
| 260 |
_bसंयम प्रकाशन, पुणे. _c2000 |
||
| 300 |
_a64 _bशांती पब्लिकेशन,पुणे |
||
| 365 | _b10 | ||
| 520 | _aतं.वि.-गृह-पा.शास्त्र. | ||
| 630 | _aबर्फी आणि वड्या. | ||
| 650 | _aतं.वि.-गृह-पा.शास्त्र. | ||
| 730 | _aबर्फी आणि वड्या. | ||
| 942 | _cBOOK | ||
| 999 |
_c782100 _d782097 |
||